| 000 | 00497nam a22001337a 4500 | ||
|---|---|---|---|
| 082 | _aP-438 | ||
| 100 |
_aAmmar Aziz _947647 |
||
| 245 |
_aAnalysis of traffic congestion on rawalpindi mall road and suggesting its possible remedial measures _cAmmar Aziz, Mohsin Aziz, Shahzad Hussain, Asad Ur Rehman |
||
| 260 |
_aMCE _c2010 |
||
| 300 | _aP-57 | ||
| 526 |
_a0 _b0 _c0 _dP_438 |
||
| 650 |
_aAnalysis of traaffic congestion on rawalpindi mall road and suggesting its possible _947648 |
||
| 942 |
_2ddc _cBK |
||
| 999 |
_c550826 _d550826 |
||